00780nam a2200253 a 4500001001300000003000900013005001700022008004100039020001000080082001600090100001700106245007400123260005000197300000900247500003500256505002400291650001300315650001700328700001700345902000800362942000700370952013200377999001700509nice12345678IN_TiNIC20260116014038.0050524s1999 cama grp 000 0 eng  ac87500a297.09bHAW aHawting, G R aIdea of Idolatry and the Emergence of Islamb from Polemic to History aCambridge bCambridge University Press c1999 a168p aincludes index and biblioraphy2 aIndex, Bibliography aIdolatry aIslam-Origin1 aHawting, G R bSRS cBK 001040708StackRoom-aHMIbHMId2010-07-23g875.00l1m2o297.09 HAWp020042r2020-01-27s2019-11-01v875.00w2005-05-24yBK c13644d13644